| 000 | 00803nam a2200241 i 4500 | ||
|---|---|---|---|
| 001 | 000048695 | ||
| 003 | DO-SdBNP | ||
| 005 | 20230502092016.0 | ||
| 007 | ta | ||
| 008 | 190410s2016 dr a 000 0 spa d | ||
| 040 |
_aDO-SdBNP _bspa _cBNPHU _erda |
||
| 082 | 4 | _222 | |
| 110 | 1 |
_aSuperintendencia de Electricidad _bRepública Dominicana _976152 |
|
| 245 | 1 | 0 |
_aTabla homologada de consumos de equipos eléctricos : _bresolución SIE-083-2007. |
| 264 |
_aSanto Domingo : _bSuperintendencia de Electricidad, _c2016. |
||
| 300 |
_a74, [86] páginas : _bilustraciones ; _c28 cm. |
||
| 336 |
_2rdacontent _atexto _btxt |
||
| 337 |
_2rdamedia _adin mediación _bn |
||
| 338 |
_2rdacarrier _avolumen _bnc |
||
| 490 | 0 |
_aMercado electronico minorista _v1 |
|
| 590 | _aInventariado, 2019/VM | ||
| 942 |
_2ddc _cLBS1 |
||
| 999 |
_c48183 _d48183 |
||